[Event "BABIJ    BAGIJ"]
[Site "SchemingMind.com"]
[Date "2017.11.29"]
[Round "-"]
[White "Scooter"]
[Black "JAHI"]
[Result "0-1"]
[WhiteCountry "USA"]
[BlackCountry "INT"]
[WhiteElo "1685"]
[WhiteRD "55"]
[BlackElo "2172"]
[BlackRD "70"]
[GameID "421411"]

1. d4 a6 2. Nf3 b6 3. Bf4 Bb7 4. Nbd2 e6 5. e3 d6 6. Be2 Nd7 7. O-O g6 8. c4 Bg7 9. Rb1 e5 10. dxe5 dxe5
11. Bg5 Ngf6 12. Qa4 Qe7 13. Bd3 e4 14. Bxf6 Bxf6
0-1

[Event "BABIJ    BAGIJ"]
[Site "SchemingMind.com"]
[Date "2017.11.29"]
[Round "-"]
[White "JAHI"]
[Black "Scooter"]
[Result "1-0"]
[WhiteCountry "INT"]
[BlackCountry "USA"]
[WhiteElo "2172"]
[WhiteRD "70"]
[BlackElo "1685"]
[BlackRD "55"]
[GameID "421412"]

1. a3 Nf6 2. b3 g6 3. Bb2 Bg7 4. Bxf6 Bxf6 5. Nc3 d5 6. e3 O-O 7. Nf3 Bg4 8. Be2 c5 9. b4 cxb4 10. axb4 Nc6
11. b5 Ne5 12. Nxe5 Bxe2 13. Nxe2 Bxe5 14. c3 b6 15. Qb3 e6 16. Ra4 Qd7 17. Ra6 Rac8 18. Nd4 Bxd4 19. exd4 Rc7 20. Ra1 Rfc8
21. Rc1 Rc4 22. Qb2 Qc7 23. Ke2 e5 24. d3 Rxc3 25. Rxc3 Qxc3 26. Qxc3 Rxc3 27. dxe5 d4 28. Ra1 Rb3 29. Rxa7 Rxb5 30. Ra8+ Kg7
31. Re8 Rb2+ 32. Kf3 b5 33. Rd8 b4 34. Rxd4 b3 35. Rb4 Rb1 36. d4 b2 37. Ke2
1-0

[Event "BABIJ    BAGIJ"]
[Site "SchemingMind.com"]
[Date "2017.12.04"]
[Round "-"]
[White "Scooter"]
[Black "ray winteringham"]
[Result "1-0"]
[WhiteCountry "USA"]
[BlackCountry "ENG"]
[WhiteElo "1685"]
[WhiteRD "55"]
[BlackElo "1443"]
[BlackRD "51"]
[GameID "421525"]

1. d4 g6 2. Nf3 Bg7 3. Bf4 d6 4. e3 e6 5. Be2 Bd7 6. O-O f5 7. Nbd2 Nf6 8. h3 O-O 9. c4 Nc6 10. Rc1 Ne7
11. c5 d5 12. b4 a6 13. a4 c6 14. Bd6 Ne8 15. Be5 Bxe5 16. Nxe5 Nf6 17. Qb3 h5 18. b5 cxb5 19. axb5 axb5 20. Bxb5 Bxb5
21. Qxb5 Rb8 22. Ra1 Nc6 23. Nxg6 Rf7 24. Nf3 Ne4 25. Nfe5 Rg7 26. Rfb1 Qg5 27. h4 Qd8 28. Nxc6 bxc6 29. Qxb8 Qxb8 30. Rxb8+ Kh7
31. Nf8+ Kh6 32. Nxe6 Rh7 33. Ra6 Nc3 34. Rxc6 Ne4 35. Ng5+
1-0

[Event "BABIJ    BAGIJ"]
[Site "SchemingMind.com"]
[Date "2017.12.04"]
[Round "-"]
[White "ray winteringham"]
[Black "Scooter"]
[Result "0-1"]
[WhiteCountry "ENG"]
[BlackCountry "USA"]
[WhiteElo "1443"]
[WhiteRD "51"]
[BlackElo "1685"]
[BlackRD "55"]
[GameID "421526"]

1. e4 c6 2. d4 d5 3. e5 Bf5 4. Bd3 Bxd3 5. Qxd3 e6 6. Nf3 Nd7 7. Bf4 c5 8. c3 cxd4 9. cxd4 Bb4+ 10. Nc3 Ne7
11. O-O Bxc3 12. bxc3 O-O 13. Ng5 Ng6 14. Nh3 Nxf4 15. Nxf4 a6 16. Rfb1 b5 17. a4 bxa4 18. Rxa4 Nb6 19. Rxa6 Nc4 20. Raa1 Qg5
21. g3 Qe7 22. h4 Rfb8 23. Nh3 g6 24. f4 Rxa1 25. Rxa1 Qb7 26. Nf2 Qb2 27. Rd1 Rb3 28. Ng4 Qxc3 29. Qxc3 Rxc3 30. Nf6+ Kg7
31. Kh2 Ne3 32. Ra1 Rc2+ 33. Kh3 Nf5 34. Ra4 Rc3
0-1

[Event "BABIJ    BAGIJ"]
[Site "SchemingMind.com"]
[Date "2017.12.04"]
[Round "-"]
[White "ray winteringham"]
[Black "JAHI"]
[Result "0-1"]
[WhiteCountry "ENG"]
[BlackCountry "INT"]
[WhiteElo "1443"]
[WhiteRD "51"]
[BlackElo "2172"]
[BlackRD "70"]
[GameID "421527"]

1. e4 a6 2. d4 b6 3. Nf3 Bb7 4. Bd3 e6 5. Bd2 d6 6. c4 Nd7 7. Nc3 e5 8. d5 g6 9. Qc2 Bg7 10. O-O-O Ne7
11. b3 Rf8 12. g4 f6 13. Ne1 c6 14. Kb2 Qc7 15. f3 Rc8 16. h3 Qb8 17. f4 f5 18. g5 fxe4 19. Nxe4 cxd5 20. Nc3 dxc4
21. Bxg6+ hxg6 22. Rf1 exf4 23. Bxf4 cxb3 24. axb3 Rxc3
0-1

[Event "BABIJ    BAGIJ"]
[Site "SchemingMind.com"]
[Date "2017.12.04"]
[Round "-"]
[White "JAHI"]
[Black "ray winteringham"]
[Result "1-0"]
[WhiteCountry "INT"]
[BlackCountry "ENG"]
[WhiteElo "2172"]
[WhiteRD "70"]
[BlackElo "1443"]
[BlackRD "51"]
[GameID "421528"]

1. a3 g6 2. b3 Bg7 3. c3 e6 4. Bb2 d5 5. Qc2 f5 6. c4 Nf6 7. cxd5 O-O 8. dxe6 Bxe6 9. e3 Qd5 10. b4 b6
11. Nf3 Nc6 12. Be2 a6 13. Nc3 Qb3 14. Qxb3 Bxb3 15. Rc1 Ne7 16. Ne5 Ne8 17. Bf3 Rd8 18. Ne2 Bf7 19. Nxf7 Rxf7 20. Bxg7 Nxg7
21. Rxc7 Rd3 22. Nc3 Ne8 23. Ra7 a5 24. Be2 Rd8 25. Bc4
1-0

[Event "BABIJ    BAGIJ"]
[Site "SchemingMind.com"]
[Date "2017.12.04"]
[Round "-"]
[White "Scooter"]
[Black "Chessibelle"]
[Result "1-0"]
[WhiteCountry "USA"]
[BlackCountry "ENG"]
[WhiteElo "1685"]
[WhiteRD "55"]
[BlackElo "1107"]
[BlackRD "60"]
[GameID "421531"]

1. d4 d5 2. Nf3 Nf6 3. Bf4 g6 4. e3 Bd7 5. Be2 Bg7 6. O-O O-O 7. Nbd2 Nc6 8. a3 Ng4 9. Rc1 f6 10. h3 Nh6
11. c4 f5 12. cxd5 Nb8 13. Bxc7 Qe8 14. Ne5 Ba4 15. b3 Bb5 16. Ndc4 b6 17. Bxb8 Rxb8 18. a4 Ba6 19. Nc6 Rb7 20. N4e5 b5
21. axb5 Bxb5 22. Bxb5 Rxb5 23. Nxa7 Rxd5 24. Rc8 Rd8 25. Rxd8 Qxd8 26. Nac6 Qd6 27. Qc2 Nf7 28. Qc4 Qf6 29. Nd7 Qg5 30. Nxf8 Kxf8
31. Ra1 Bh6 32. d5 Nd6 33. Ra8+ Kf7 34. Nd8+ Kf6 35. Qd4+ e5 36. dxe6+ Ke7 37. Ra7+ Kf8 38. Qh8#
1-0

[Event "BABIJ    BAGIJ"]
[Site "SchemingMind.com"]
[Date "2017.12.04"]
[Round "-"]
[White "Chessibelle"]
[Black "Scooter"]
[Result "0-1"]
[WhiteCountry "ENG"]
[BlackCountry "USA"]
[WhiteElo "1107"]
[WhiteRD "60"]
[BlackElo "1685"]
[BlackRD "55"]
[GameID "421532"]

1. e4 c6 2. d3 d5 3. Ne2 dxe4 4. f3 exd3 5. Nf4 dxc2 6. Qxc2 Nf6 7. Bd3 e6 8. Bd2 Bd6 9. O-O Bxf4 10. Bxf4 O-O
11. Nd2 Qb6+ 12. Kh1 Nbd7 13. Ne4 Nxe4 14. Bxe4 Nf6 15. Bd3 g6 16. Rfe1 Nd5 17. Bd6 Rd8 18. Bg3 Nb4 19. Qc3 Rxd3 20. Qf6 Qd8
21. Qe5 Nc2 22. Rac1 Nxe1 23. Bxe1 Rd1 24. Rc2 Qd3 25. Rc5 Qf1#
0-1

[Event "BABIJ    BAGIJ"]
[Site "SchemingMind.com"]
[Date "2017.12.04"]
[Round "-"]
[White "ray winteringham"]
[Black "Chessibelle"]
[Result "0-1"]
[WhiteCountry "ENG"]
[BlackCountry "ENG"]
[WhiteElo "1443"]
[WhiteRD "51"]
[BlackElo "1107"]
[BlackRD "60"]
[GameID "421533"]

1. d4 d5 2. c4 Nf6 3. Nf3 e6 4. e3 b6 5. cxd5 exd5 6. h3 g6 7. Be2 Bg7 8. Bd2 O-O 9. Nc3 Nc6 10. O-O Re8
11. a3 Bb7 12. b4 a5 13. b5 Ne7 14. a4 Nh5 15. Ng5 Bf6 16. e4 Bxd4 17. Bxh5 Qd6 18. Bf3 Bc5 19. h4 Qe5 20. Re1 Bd6
21. exd5 Qh2+ 22. Kf1 Qh1+ 23. Ke2 Qxh4 24. Nh3 Qc4+ 25. Ke3 Nf5#
0-1

[Event "BABIJ    BAGIJ"]
[Site "SchemingMind.com"]
[Date "2017.12.04"]
[Round "-"]
[White "Chessibelle"]
[Black "ray winteringham"]
[Result "0-1"]
[WhiteCountry "ENG"]
[BlackCountry "ENG"]
[WhiteElo "1107"]
[WhiteRD "60"]
[BlackElo "1443"]
[BlackRD "51"]
[GameID "421534"]

1. e4 e5 2. Nf3 Nc6 3. d3 d6 4. Be2 h6 5. O-O Bd7 6. Re1 Be7 7. Nbd2 f5 8. g3 g5 9. b3 g4 10. c4 Bf6
11. a4 Qe7 12. Bb2 gxf3 13. Bxf3 O-O-O 14. Qe2 Bg5 15. Qd1 Nb4 16. Qe2 Nf6 17. Qd1 Nxd3 18. Re2 Nxb2 19. Qc2 Nxa4 20. bxa4 f4
21. Rb1 c5 22. a5 h5 23. Qb2 Bc6 24. Ree1 Rdg8 25. a6 b6 26. Qa3 h4 27. Kf1 hxg3 28. fxg3 fxg3 29. Ke2 Rxh2+ 30. Kd1 Rxd2+
31. Kc1 Ra2+
0-1

[Event "BABIJ    BAGIJ"]
[Site "SchemingMind.com"]
[Date "2017.12.04"]
[Round "-"]
[White "Chessibelle"]
[Black "JAHI"]
[Result "0-1"]
[WhiteCountry "ENG"]
[BlackCountry "INT"]
[WhiteElo "1107"]
[WhiteRD "60"]
[BlackElo "2172"]
[BlackRD "70"]
[GameID "421535"]

1. e4 a6 2. Nc3 b6 3. d3 Bb7 4. Nf3 e6 5. Bd2 d6 6. g3 e5 7. Bg2 Nd7 8. O-O g6 9. Re1 Bg7 10. a3 Ne7
11. b4 f6 12. Ne2 Nf8 13. Nc3 f5 14. Ne2 fxe4 15. Ng5 d5 16. f3 h6 17. Nh3 exf3 18. Bxf3 Qd7 19. Nf2 Ne6 20. Bc3 Rf8
21. Bg4 Nf5 22. d4 e4 23. Qd2 e3 24. Qd3 exf2+ 25. Kxf2 Ng5 26. Nf4+ Ne4+ 27. Kf3 Nh4+ 28. gxh4 Rxf4+ 29. Ke2 Qxg4+
0-1

[Event "BABIJ    BAGIJ"]
[Site "SchemingMind.com"]
[Date "2017.12.04"]
[Round "-"]
[White "JAHI"]
[Black "Chessibelle"]
[Result "1-0"]
[WhiteCountry "INT"]
[BlackCountry "ENG"]
[WhiteElo "2172"]
[WhiteRD "70"]
[BlackElo "1107"]
[BlackRD "60"]
[GameID "421536"]

1. a3 e5 2. b3 Nc6 3. Bb2 d6 4. e3 g6 5. d3 Nf6 6. e4 Bg7 7. Nd2 Bg4 8. f3 Be6 9. g3 O-O 10. Bg2 h5
11. Ne2 a6 12. d4 b5 13. dxe5 dxe5 14. Nc1 Ne7 15. Nd3 c6 16. Bxe5 Rc8 17. b4 Bh8 18. Nb3 Bg7 19. Nbc5 Bc4 20. Bh3 Ra8
21. Nb2 Qe8 22. Nxc4 bxc4 23. f4 Rd8 24. Qf3 Nd7 25. Bxg7 Kxg7 26. Nxd7 Rg8 27. Qc3+ Kh6 28. Nf6 Qf8 29. Nxg8+ Nxg8 30. Qh8#
1-0

[Event "BABIJ    BAGIJ"]
[Site "SchemingMind.com"]
[Date "2017.12.09"]
[Round "-"]
[White "Scooter"]
[Black "Transcendent"]
[Result "0-1"]
[WhiteCountry "USA"]
[BlackCountry "ENG"]
[WhiteElo "1671"]
[WhiteRD "51"]
[BlackElo "1701"]
[BlackRD "69"]
[GameID "421724"]

1. d4 Nf6 2. Nf3 d5 3. Bf4 c5 4. e3 Nc6 5. c3 Qb6 6. Qb3 c4 7. Qxb6 axb6 8. Nbd2 b5 9. Be2 Bf5 10. O-O e6
11. Ne5 Nxe5 12. Bxe5 Nd7 13. Nf3 f6 14. Nh4 fxe5
0-1

[Event "BABIJ    BAGIJ"]
[Site "SchemingMind.com"]
[Date "2017.12.09"]
[Round "-"]
[White "Transcendent"]
[Black "Scooter"]
[Result "0-1"]
[WhiteCountry "ENG"]
[BlackCountry "USA"]
[WhiteElo "1701"]
[WhiteRD "69"]
[BlackElo "1671"]
[BlackRD "51"]
[GameID "421725"]

1. e4 c6 2. d4 d5 3. Nc3 dxe4 4. Nxe4 Bf5 5. Ng3 Bg6 6. h4 h6 7. h5 Bh7 8. Nf3 Nd7 9. Bd3 Bxd3 10. Qxd3 Qc7
11. Bd2 O-O-O 12. Ne2 e6 13. O-O-O Ngf6 14. Bf4 Bd6 15. c4 Bxf4+
0-1

[Event "BABIJ    BAGIJ"]
[Site "SchemingMind.com"]
[Date "2017.12.09"]
[Round "-"]
[White "Transcendent"]
[Black "ray winteringham"]
[Result "1-0"]
[WhiteCountry "ENG"]
[BlackCountry "ENG"]
[WhiteElo "1690"]
[WhiteRD "73"]
[BlackElo "1501"]
[BlackRD "52"]
[GameID "421726"]

1. d4 d5 2. c4 e6 3. Nf3 h6 4. g3 Be7 5. Bg2 c6 6. O-O b6 7. Nc3 Bb7 8. Bf4 g5 9. Bd2 Nd7 10. b3 Qc7
11. Rc1 O-O-O 12. cxd5 Kb8 13. Nb5 Qc8 14. d6 Bf6 15. e4 Ka8 16. d5 c5 17. dxe6 fxe6 18. Nc7+ Kb8 19. Bc3 Bxe4 20. Re1 Bxc3
21. Rxc3 Ngf6 22. Nxe6 Rde8 23. Nc7 Bxf3 24. Bxf3 Rxe1+ 25. Qxe1 Ne8 26. Qe4 Nxc7 27. dxc7+ Kxc7 28. Rd3 Re8 29. Qc6+ Kd8 30. Qf6+ Kc7
31. Qd6+ Kd8 32. Bg4 Re7 33. Qxh6 Kc7 34. Qxg5 Ne5 35. Bxc8 Re8 36. Qg7+
1-0

[Event "BABIJ    BAGIJ"]
[Site "SchemingMind.com"]
[Date "2017.12.09"]
[Round "-"]
[White "ray winteringham"]
[Black "Transcendent"]
[Result "0-1"]
[WhiteCountry "ENG"]
[BlackCountry "ENG"]
[WhiteElo "1528"]
[WhiteRD "52"]
[BlackElo "1567"]
[BlackRD "72"]
[GameID "421727"]

1. e4 e6 2. d4 d5 3. e5 c5 4. c3 Nc6 5. Be3 Qb6 6. Qc2 Bd7 7. Be2 Nge7 8. dxc5 Qc7 9. Nf3 Nxe5 10. Nbd2 Nxf3+
11. Nxf3 Nf5 12. Qd2 Nxe3 13. Qxe3 Bxc5 14. Qd2 O-O 15. O-O a6 16. Qd3 Bb5 17. Qc2 Bxe2 18. Qxe2 b5 19. Kh1 Qf4 20. b4 Bb6
21. g3 Qf6 22. Ne5 Rfd8 23. Rac1 Rac8 24. f4 Qf5 25. g4 Qe4+ 26. Qxe4 dxe4 27. Rce1 f6 28. Rxe4 fxe5 29. Rxe5 Rd6 30. Rfe1 Kf7
31. f5 exf5 32. Rxf5+ Rf6 33. Rfe5 Rxc3 34. Re7+ Kg6 35. R7e6 Rc2 36. a3 Bc7 37. R6e2 Rxe2 38. Rxe2 Bf4 39. h4 h5 40. g5 Rc6
41. Rf2 Be5 42. Kg2 Rc3 43. Rf3 Rxf3 44. Kxf3 Bb2 45. Ke4 Bxa3
0-1

[Event "BABIJ    BAGIJ"]
[Site "SchemingMind.com"]
[Date "2017.12.09"]
[Round "-"]
[White "Transcendent"]
[Black "Chessibelle"]
[Result "1-0"]
[WhiteCountry "ENG"]
[BlackCountry "ENG"]
[WhiteElo "1701"]
[WhiteRD "69"]
[BlackElo "1069"]
[BlackRD "60"]
[GameID "421728"]

1. d4 d5 2. c4 Nf6 3. cxd5 Nxd5 4. Nf3 g6 5. e4 Nf6 6. Nc3 Nc6 7. d5 Nb4 8. Qa4+ Bd7 9. Qxb4 e6 10. Qxb7 Bd6
11. Bb5 O-O 12. Bxd7 Qxd7 13. e5 Be7 14. exf6 Bxf6 15. O-O Qe7 16. Bh6 Rfb8 17. Qc6 Rc8 18. Rfe1 Rd8 19. dxe6 Rd6 20. Qxa8+ Rd8
21. exf7+ Kxf7 22. Rxe7+ Bxe7 23. Ne5+ Kf6 24. Ng4+ Kf7 25. Qf3+ Kg8 26. Re1
1-0

[Event "BABIJ    BAGIJ"]
[Site "SchemingMind.com"]
[Date "2017.12.09"]
[Round "-"]
[White "Chessibelle"]
[Black "Transcendent"]
[Result "0-1"]
[WhiteCountry "ENG"]
[BlackCountry "ENG"]
[WhiteElo "1069"]
[WhiteRD "60"]
[BlackElo "1701"]
[BlackRD "69"]
[GameID "421729"]

1. e4 e6 2. d3 d5 3. Bd2 c5 4. b3 Nc6 5. g3 Nf6 6. Nf3 dxe4 7. Ng5 exd3 8. Bxd3 Qd5 9. Rg1 Nb4 10. Be2 h6
11. Kf1 hxg5 12. Nc3 Qf5 13. Ke1 Nxc2+ 14. Kf1 Nxa1 15. b4 cxb4 16. Qxa1 bxc3 17. Qxc3 Bc5 18. Be3 Bxe3 19. Rg2 Qb1+ 20. Qe1 Qd1
21. Bxd1 Bb6 22. f3 Bd7 23. Bb3 Bb5+ 24. Re2 Rxh2 25. Qc1 Rxe2 26. Qxg5 Re5+
0-1

[Event "BABIJ    BAGIJ"]
[Site "SchemingMind.com"]
[Date "2017.12.09"]
[Round "-"]
[White "Transcendent"]
[Black "JAHI"]
[Result "0-1"]
[WhiteCountry "ENG"]
[BlackCountry "INT"]
[WhiteElo "1690"]
[WhiteRD "73"]
[BlackElo "2136"]
[BlackRD "72"]
[GameID "421730"]

1. d4 a6 2. e4 b6 3. Bd3 Bb7 4. c4 e6 5. Ne2 d6 6. Nbc3 e5 7. O-O exd4 8. Nxd4 Nf6 9. Re1 Nc6 10. Nxc6 Bxc6
11. e5 dxe5 12. Rxe5+ Be7 13. Bg5 Kf8 14. Qd2 h6 15. Bh4 Bd6 16. Bxf6 Qxf6 17. Rf5 Qh4 18. g3 Qg4 19. Nd5 Bd7 20. Ne3 Qg6
21. Rd5 Qf6 22. Re1 c6 23. Rxd6 Qxd6 24. Qc3 Rd8 25. Nf5 Bxf5 26. Bxf5 h5 27. h4 Rh6 28. Kg2 Rf6 29. Bb1 Qd2 30. Qa3+ c5
31. Rf1 a5 32. Qb3 Qe2 33. Bc2 Rd2 34. Bd1 Rxf2+ 35. Rxf2 Qxf2+
0-1

[Event "BABIJ    BAGIJ"]
[Site "SchemingMind.com"]
[Date "2017.12.09"]
[Round "-"]
[White "JAHI"]
[Black "Transcendent"]
[Result "1-0"]
[WhiteCountry "INT"]
[BlackCountry "ENG"]
[WhiteElo "2184"]
[WhiteRD "73"]
[BlackElo "1701"]
[BlackRD "69"]
[GameID "421731"]

1. a3 d5 2. b3 e5 3. Bb2 Bd6 4. e3 c6 5. d3 Nf6 6. Nd2 O-O 7. e4 Re8 8. exd5 cxd5 9. Be2 Nc6 10. Ngf3 Bf5
11. h3 e4 12. dxe4 dxe4 13. Nh4 Bg6 14. Nc4 Be5 15. Qxd8 Raxd8 16. Bxe5 Nxe5 17. Nxe5 Rxe5 18. Rd1 Red5 19. Nxg6 hxg6 20. Rxd5 Rxd5
21. Bc4 Rd8 22. Ke2 Nd5 23. Bxd5 Rxd5 24. Rd1 Rxd1 25. Kxd1 f5 26. Ke2 Kf7 27. Ke3 Ke6 28. Kf4 Kf6 29. h4 a6 30. b4 b6
31. a4
1-0

[Event "BABIJ    BAGIJ"]
[Site "SchemingMind.com"]
[Date "2017.12.10"]
[Round "-"]
[White "grabapawn"]
[Black "Scooter"]
[Result "0-1"]
[WhiteCountry "USA"]
[BlackCountry "USA"]
[WhiteElo "1543"]
[WhiteRD "52"]
[BlackElo "1685"]
[BlackRD "55"]
[GameID "421779"]

1. d4 Nf6 2. Bf4 g6 3. Nc3 Bg7 4. e3 O-O 5. Bd3 b6 6. Qf3 Nc6 7. Nge2 Bb7 8. g4 Rb8 9. h4 Nxd4 10. Qg3 Bxh1
11. Nxd4 d6 12. f3 e5 13. Nf5 exf4 14. Qxf4 gxf5 15. Bxf5 Qe7 16. O-O-O Bxf3 17. Qxf3 Rfe8 18. Re1 Qe5 19. e4 d5 20. g5 dxe4
21. Nxe4 Nxe4 22. Rxe4 Qxb2+ 23. Kd2 Rbd8+ 24. Ke1 Qc1+ 25. Kf2 Qxc2+ 26. Kg3 Rxe4 27. Bxe4 Be5+ 28. Kg4 Rd4 29. Kf5 Qc5 30. Kg4 Qd5
0-1

[Event "BABIJ    BAGIJ"]
[Site "SchemingMind.com"]
[Date "2017.12.11"]
[Round "-"]
[White "grabapawn"]
[Black "Transcendent"]
[Result "0-1"]
[WhiteCountry "USA"]
[BlackCountry "ENG"]
[WhiteElo "1509"]
[WhiteRD "53"]
[BlackElo "1701"]
[BlackRD "69"]
[GameID "421781"]

1. d4 d5 2. Bf4 Nf6 3. e3 c5 4. c3 Nc6 5. Bd3 Qb6 6. Qd2 e6 7. Nf3 Be7 8. h3 O-O 9. g4 Bd7 10. Ne5 Nxe5
11. Bxe5 Ne8 12. h4 f6 13. Bg3 cxd4 14. exd4 Rc8 15. Qc2 f5 16. g5 Bd6 17. Nd2 Bxg3 18. fxg3 Nd6 19. h5 Ne4 20. Nxe4 fxe4
21. Be2 Qxd4 22. Rd1 Qf2+ 23. Kd2 Bb5 24. Rde1 Qxg3 25. Bxb5 Rf2+ 26. Re2 Rxe2+ 27. Bxe2 Qxg5+ 28. Kd1 Qg2 29. Rf1 d4 30. Qb3 Rd8
31. Qxe6+ Kh8 32. c4 d3
0-1

[Event "BABIJ    BAGIJ"]
[Site "SchemingMind.com"]
[Date "2017.12.11"]
[Round "-"]
[White "Transcendent"]
[Black "grabapawn"]
[Result "1-0"]
[WhiteCountry "ENG"]
[BlackCountry "USA"]
[WhiteElo "1690"]
[WhiteRD "73"]
[BlackElo "1523"]
[BlackRD "53"]
[GameID "421782"]

1. d4 d6 2. c4 Nf6 3. Nc3 Nbd7 4. e4 c6 5. Nf3 Qc7 6. g3 e5 7. Bg2 Be7 8. O-O Nf8 9. dxe5 dxe5 10. Bg5 h6
11. Bxf6 gxf6 12. Qc2 Ng6 13. Rad1 Bd7 14. Rd2 O-O-O 15. Rfd1 h5 16. a3 Nf4 17. gxf4 Bg4 18. Rxd8+ Rxd8 19. Rxd8+ Kxd8 20. Qd2+ Kc8
21. fxe5 fxe5 22. h3 Be6 23. Bf1 Bf6 24. Na4 Kb8 25. Nc5 Bc8 26. Qb4 Ka8 27. Nd3 b6 28. Qf8 Kb7 29. b4 Be6 30. c5 Be7
31. Qh8 a5 32. cxb6 Qxb6 33. Qxe5 axb4 34. axb4 Qc7 35. Nc5+ Kb6 36. Na4+ Kb7 37. Ba6+ Kxa6 38. Qxc7
1-0

[Event "BABIJ    BAGIJ"]
[Site "SchemingMind.com"]
[Date "2017.12.11"]
[Round "-"]
[White "grabapawn"]
[Black "ray winteringham"]
[Result "1-0"]
[WhiteCountry "USA"]
[BlackCountry "ENG"]
[WhiteElo "1543"]
[WhiteRD "52"]
[BlackElo "1443"]
[BlackRD "51"]
[GameID "421783"]

1. d4 d5 2. Bf4 Bf5 3. e3 e6 4. Nd2 Bd6 5. Bg3 Bxg3 6. hxg3 Ne7 7. Ne2 Qd7 8. Nf4 Nbc6 9. g4 Bg6 10. Nxg6 Nxg6
11. Bd3 Nce7 12. f4 O-O 13. Nf3 Qd6 14. g5 Qb4+ 15. c3 Qxb2 16. Rb1 Qxc3+ 17. Kf2 Qc6 18. Ne5 Nxe5 19. fxe5 b6 20. Bxh7+ Kh8
21. Bd3+ Kg8 22. Qh5 Ng6 23. Qh7#
1-0

[Event "BABIJ    BAGIJ"]
[Site "SchemingMind.com"]
[Date "2017.12.11"]
[Round "-"]
[White "ray winteringham"]
[Black "grabapawn"]
[Result "1-0"]
[WhiteCountry "ENG"]
[BlackCountry "USA"]
[WhiteElo "1443"]
[WhiteRD "51"]
[BlackElo "1543"]
[BlackRD "52"]
[GameID "421784"]

1. e4 d6 2. d4 Nf6 3. Bd3 Nbd7 4. Be3 e5 5. d5 Be7 6. Nf3 h6 7. Nc3 g5 8. Qd2 c6 9. dxc6 bxc6 10. h3 Nf8
11. b3 Ng6 12. g3 Nh5 13. O-O-O Nf6 14. Kb1 Qc7 15. g4 Nf4 16. Bxf4 gxf4 17. Nh2 Be6 18. f3 a5 19. Rdg1 a4 20. Nxa4 O-O
21. g5 Nh5 22. gxh6+ Ng3 23. Nf1 Bh4 24. Qf2 Rxa4 25. Nxg3 Bxg3 26. Rxg3+ Kh7 27. Rg7+
1-0

[Event "BABIJ    BAGIJ"]
[Site "SchemingMind.com"]
[Date "2017.12.10"]
[Round "-"]
[White "grabapawn"]
[Black "Chessibelle"]
[Result "1-0"]
[WhiteCountry "USA"]
[BlackCountry "ENG"]
[WhiteElo "1543"]
[WhiteRD "52"]
[BlackElo "1107"]
[BlackRD "60"]
[GameID "421785"]

1. d4 d5 2. Bf4 b6 3. e3 Bd7 4. c3 g6 5. Bd3 e6 6. Nf3 Ne7 7. Nbd2 Bg7 8. h4 Nbc6 9. g4 f5 10. h5 h6
11. Nh4 Qc8 12. Nxg6 Rg8 13. gxf5 exf5 14. c4 Nb4 15. Bb1 Nec6 16. a3 Na6 17. cxd5 Ne7 18. Ba2 Qb7 19. Qf3 O-O-O 20. Nxe7+ Kb8
21. Nxg8 Qc8 22. Ne7 Qb7 23. Nc6+ Kc8 24. Ne7+ Kb8 25. Rc1 Ka8 26. Nc6 Re8 27. Ne5 b5 28. Nxd7 Re7 29. Nc5 Qb6 30. Nxa6 Qxa6
31. d6+ Kb8 32. dxe7
1-0

[Event "BABIJ    BAGIJ"]
[Site "SchemingMind.com"]
[Date "2017.12.10"]
[Round "-"]
[White "Chessibelle"]
[Black "grabapawn"]
[Result "0-1"]
[WhiteCountry "ENG"]
[BlackCountry "USA"]
[WhiteElo "1107"]
[WhiteRD "60"]
[BlackElo "1543"]
[BlackRD "52"]
[GameID "421786"]

1. e4 d6 2. Be2 Nf6 3. d3 Nbd7 4. Nd2 e5 5. b3 Be7 6. Ngf3 h6 7. O-O c6 8. Nc4 Qc7 9. g3 Nf8 10. Be3 g5
11. d4 Ng6 12. Re1 Ng4 13. Qc1 Nf4 14. gxf4 gxf4 15. Bd2 Rg8 16. c3 d5 17. Nb2 exd4 18. Nxd4 f3 19. Bxf3 Qxh2+ 20. Kf1 Qxf2#
0-1

[Event "BABIJ    BAGIJ"]
[Site "SchemingMind.com"]
[Date "2017.12.11"]
[Round "-"]
[White "grabapawn"]
[Black "JAHI"]
[Result "0-1"]
[WhiteCountry "USA"]
[BlackCountry "INT"]
[WhiteElo "1543"]
[WhiteRD "52"]
[BlackElo "2172"]
[BlackRD "70"]
[GameID "421787"]

1. d4 a6 2. Bf4 b6 3. e3 Bb7 4. Nd2 e6 5. Ngf3 d6 6. c3 Nd7 7. Bd3 g6 8. g4 Bg7 9. h4 h6 10. Qe2 e5
11. Bg3 exd4 12. exd4+ Qe7 13. Qxe7+ Nxe7 14. O-O-O Nf6 15. g5 Ng4 16. Rhe1 Kd7 17. Ne4 Nf5 18. Nf6+ Bxf6 19. gxf6 Bxf3 20. Rd2 Rhe8
21. Bxf5+ gxf5 22. Rxe8 Rxe8 23. Kc2 Nxf6 24. b4 Nh5 25. Bh2 Re1 26. Kb3 Rh1 27. Bg3 f4
0-1

[Event "BABIJ    BAGIJ"]
[Site "SchemingMind.com"]
[Date "2017.12.11"]
[Round "-"]
[White "JAHI"]
[Black "grabapawn"]
[Result "1-0"]
[WhiteCountry "INT"]
[BlackCountry "USA"]
[WhiteElo "2172"]
[WhiteRD "70"]
[BlackElo "1543"]
[BlackRD "52"]
[GameID "421788"]

1. a3 d6 2. b3 Nf6 3. Bb2 e5 4. e3 Nbd7 5. d3 Be7 6. e4 Nf8 7. Nd2 g5 8. g3 h5 9. h3 Ng6 10. Bg2 c6
11. Ne2 Qc7 12. c3 h4 13. Qc2 Nh5 14. Bf3 Be6 15. Bxh5 Rxh5 16. g4 Rh8 17. c4 O-O-O 18. d4 f6 19. d5 Bf7 20. Qd3 Nf4
21. Nxf4 exf4 22. dxc6 Qxc6 23. Rd1 Bg6 24. Bd4 Kb8 25. f3 d5 26. cxd5 Qe8 27. Nc4 Rxd5 28. Bxa7+ Kxa7 29. Qxd5 Qc6 30. Qxc6
1-0

[Event "BABIJ    BAGIJ"]
[Site "SchemingMind.com"]
[Date "2017.12.13"]
[Round "-"]
[White "grabapawn"]
[Black "The Stonewall"]
[Result "0-1"]
[WhiteCountry "USA"]
[BlackCountry "ENG"]
[WhiteElo "1543"]
[WhiteRD "52"]
[BlackElo "2360"]
[BlackRD "93"]
[GameID "421883"]

1. d4 e6 2. Bf4 f5 3. e3 Nf6 4. Nf3 Be7 5. Bd3 O-O 6. Nbd2 b6 7. h3 Bb7 8. Ng5 Bxg2 9. Rh2 Bb7 10. h4 Nc6
11. Ndf3 h6 12. Kd2 hxg5 13. hxg5 Ng4 14. Rg2 Qe8 15. Qh1 Nb4 16. Rxg4 Bxf3 17. Qxf3 fxg4 18. Qxg4 Nxd3 19. Kxd3 Qg6+ 20. Kd2 c5
21. Rh1 cxd4 22. exd4 Rxf4
0-1

[Event "BABIJ    BAGIJ"]
[Site "SchemingMind.com"]
[Date "2017.12.17"]
[Round "-"]
[White "The Stonewall"]
[Black "grabapawn"]
[Result "1-0"]
[WhiteCountry "ENG"]
[BlackCountry "USA"]
[WhiteElo "2360"]
[WhiteRD "93"]
[BlackElo "1543"]
[BlackRD "52"]
[GameID "421884"]

1. e4 d6 2. c4 Nf6 3. Nc3 Nbd7 4. d4 e5 5. Nge2 Be7 6. g3 c6 7. Bg2 Qc7 8. O-O Nf8 9. f4 Bd7 10. f5 g6
11. Bg5 gxf5 12. exf5 h6 13. Bxf6 Bxf6 14. Ne4 Bg5 15. dxe5 O-O-O 16. Nxd6+ Kb8 17. Nxf7 Nh7 18. Nxh8 Be3+ 19. Kh1 Rxh8 20. e6 Be8
21. f6 Ng5 22. Qd3 Bc5 23. Qf5 Bd6 24. f7 Nxf7 25. exf7 Bd7 26. Qf2 Rf8 27. c5 Be5 28. Nc3 Be6 29. Qd2 Bxf7 30. Qxh6 Rh8
31. Qg5 Be6 32. Rae1 Bxg3 33. Rxe6 Bxh2 34. Rh6 Re8 35. Rxh2 a5 36. Qg6 Ka7 37. Qxe8
1-0

[Event "BABIJ    BAGIJ"]
[Site "SchemingMind.com"]
[Date "2017.12.13"]
[Round "-"]
[White "Scooter"]
[Black "The Stonewall"]
[Result "0-1"]
[WhiteCountry "USA"]
[BlackCountry "ENG"]
[WhiteElo "1685"]
[WhiteRD "55"]
[BlackElo "2360"]
[BlackRD "93"]
[GameID "421886"]

1. d4 g6 2. Nf3 Bg7 3. Bf4 d6 4. e3 Nd7 5. Be2 e5 6. dxe5 dxe5 7. Bg5 Ne7 8. Bxe7 Qxe7 9. c3 O-O 10. e4 Nc5
11. Nbd2 Bd7 12. O-O Bc6 13. Qc2 a5 14. Bd3 Rfd8 15. Bc4 b5 16. Be2 Ne6 17. c4 b4 18. b3 Nc5 19. Rfd1 f5 20. Rac1 fxe4
21. Ne1 Rf8 22. Nf1 Bh6 23. Ne3 Bxe3 24. fxe3 Qg5
0-1